000 01190nam a22001817a 4500
999 _c62026
_d62026
003 Ge_BSU
005 20240624165836.0
008 240624s1951 ge ||||| |||| 00| 0 geo d
041 _ageo
080 _a371.7(075.8)+ 613.955(075.8) ს-30
245 _aსასკოლო ჰიგიენა :
_bსასწავლო სახელმძღვანელო პედაგოგიური ინსტიტუტის სტუდენტებისათვის /
_cრედაქტ. და წინასიტყვ. ავტ.: ს.ე. სოვეტოვი ; საქართველოს სსრ განათლების სამინისტრო.
264 _aთბ. :
_b სამეცნ.-მეთოდ. კაბინეტის გამ-ბა,
_c1951
300 _a524 გვ. :
_bილ. 6 ფურც. დიაგრ. ;
_c21 სმ.
653 _aსასკოლო ჰიგიენა
700 _aსოვეტოვი, ს.
_eრედაქტორი
_922559
710 _aსაქართველოს სსრ განათლების სამინისტრო
_922560
942 _2udc
_cBK